000 00251nam a22001097a 4500
999 _c167642
_d167642
082 _a
_b
100 _aHarikumar R S
245 _aUpanyaskar Ilachandra Joshi/
_cby Harikumar R S.
260 _aMathura:
_bJawahar,
_c2007.
650 _a
942 _cBK